8 Scenes, 1 Movie! XI Quiz Stats

Quiz Updated Sep 20, 2017

Challenge
Share
Tweet
Score 0/25 Timer 10:00
2 Plays Today
% Correct
Lilo & Stitch
90.6%
The Mummy
87.9%
The Terminator
87.9%
Bridesmaids
81.7%
The Little Mermaid
79.7%
The King's Speech
76.1%
King Kong
74%
Hercules
70.7%
The Mask
70.3%
The Shining
70.1%
Se7en
70%
Interstellar
64%
American Hustle
60.9%
% Correct
O Brother, Where Art Thou?
56.9%
21 Jump Street
51.9%
The Blues Brothers
48.7%
Zodiac
48.4%
The Fifth Element
48.3%
Alice Through the Looking Glass
48.1%
Big Eyes
32.7%
Road To Perdition
32%
The Warriors
25.5%
Chaplin
22.3%
House of Flying Daggers
17.6%
City of God
12.9%

You're not logged in!

Compare scores with friends on all Sporcle quizzes.
Sign Up with Email
OR
Log In

You Might Also Like...

Show Comments

Extras

Top Quizzes Today


Score Distribution

Your Account Isn't Verified!

In order to create a playlist on Sporcle, you need to verify the email address you used during registration. Go to your Sporcle Settings to finish the process.